000 00367nam a2200145 a 4500
005 20141022141958.0
008 120301s19uu xx 00 eng d
050 _aCD-ROM
_bG28 2005
100 _aWhitten, Kenneth
245 _aGeneral chemistry /
_cKenneth Whitten, et al.
260 _c2005.
700 _aDavis, Raymond
700 _aPeck, Larry
942 _cAVM
999 _c276070
_d276070